000 01104cam a2200313 i 4500
999 _c350
_d350
001 18962030
003 OSt
005 20190807092409.0
008 160204r20162008enka b 001 0 eng
010 _a 2015458842
020 _a9781782624745 (paperback)
020 _a1782624740 (paperback)
040 _aDLC
_beng
_cDLC
_erda
042 _apcc
082 0 0 _a614 EMS
_223
100 1 _aEmsley, John,
_eauthor.
245 1 0 _aMolecules of murder :
_bcriminal molecules and classic cases /
_cJohn Emsley.
264 1 _aCambridge, UK :
_bRoyal Society of Chemistry,
_c[2016]
300 _axxii, 255 pages :
_billustrations ;
_c23 cm
336 _atext
_btxt
_2rdacontent
337 _aunmediated
_bn
_2rdamedia
338 _avolume
_bnc
_2rdacarrier
500 _aReprint. Originally published in 2008.
504 _aIncludes bibliographical references (pages 218-222) and index.
650 0 _aMolecular toxicology.
906 _a7
_bcbc
_corigres
_d2
_encip
_f20
_gy-gencatlg
942 _2ddc
_cNFIC